00413nam a22001577a 450000500170000001000130001702000260003003500130005603700090006908200060007810000210008424500390010526000380014427000540018230000190023620210728123558.0 aB-740672 a9789382196785c200.00 aB-740672 bGift aS aJhari, Ruder Dev aJataka tales /cby Ruder Dev Jhari aNew DelhibSharda Prakashanc2018 aF-3/16, Ansari Road, DaryaganjbNew Delhie110002 a46p.c22cm(Hb)